Import/Export Documentation

Gespeichert in:
Bibliographische Detailangaben
1. Verfasser: Branch, Alan E.
Format: Buch
Sprache:Englisch
Veröffentlicht: London Chapman and Hall 1994
Ausgabe:1. ed.
Schlagworte:
Tags: Tag hinzufügen
Keine Tags, Fügen Sie das erste Tag hinzu!

MARC

LEADER 00000nam a2200000 4500
001 c005981
005 20221205140625.2
020 |a 0-412-60700-X 
041 0 |a eng 
044 |a GB 
245 1 0 |a Import/Export Documentation  |c Alan E. Branch 
250 |a 1. ed. 
264 1 |a London  |b Chapman and Hall  |c 1994 
300 |a 274 s. 
610 2 0 |a dovoz 
610 2 0 |a vývoz 
610 2 0 |a dokumentácia 
610 2 0 |a certifikácia 
610 2 0 |a tovar 
610 2 0 |a obchod medzinárodný 
610 2 0 |a doprava letecká nákladná 
610 2 0 |a doprava námorná 
610 2 0 |a doprava cestná nákladná 
100 1 |a Branch, Alan E.